| 000 | 00692nam a22001817a 4500 | ||
|---|---|---|---|
| 999 |
_c80727 _d80727 |
||
| 008 | 201130b ||||| |||| 00| 0 eng d | ||
| 040 |
_bger _cSTAFF _erda _aSTAFF |
||
| 041 | _ager | ||
| 100 | _aMahlke, Lisa | ||
| 245 |
_a80-Jährige aus Frankfurt bekommt Ururenkel _bChristel Schmidt ist Ururgroßmutter geworden. Die Familie hat damit nun fünf Generationen... / _cLisa Mahlke |
||
| 653 | _aFrankfurt (Oder) | ||
| 653 | _aChristel Schmidt | ||
| 773 |
_dFrankfurt (Oder): Märkisches Verlags- und Druckhaus GmbH & Co KG _g32. Jahrgang (2021) Nr. 39 vom 16.02.2021, S. 13: Foto _tMärkische Oderzeitung |
||
| 942 | _cA | ||